Political Parties, Business Groups, and Corruption in Developing Countries / (Record no. 16450)
[ view plain ]
| 000 -LEADER | |
|---|---|
| fixed length control field | 01357cam a2200301 a 4500 |
| 001 - CONTROL NUMBER | |
| control field | 16279270 |
| 005 - DATE AND TIME OF LATEST TRANSACTION | |
| control field | 20110628112616.0 |
| 008 - FIXED-LENGTH DATA ELEMENTS--GENERAL INFORMATION | |
| fixed length control field | 100611s2011 nyuab b 001 0 eng |
| 020 ## - INTERNATIONAL STANDARD BOOK NUMBER | |
| International Standard Book Number | 9780199735907 (hardcover : alk. paper) |
| 020 ## - INTERNATIONAL STANDARD BOOK NUMBER | |
| International Standard Book Number | 0199735905 (hardcover : alk. paper) |
| 020 ## - INTERNATIONAL STANDARD BOOK NUMBER | |
| International Standard Book Number | 9780199735914 (pbk. : alk. paper) |
| 020 ## - INTERNATIONAL STANDARD BOOK NUMBER | |
| International Standard Book Number | 0199735913 (pbk. : alk. paper) |
| 035 ## - SYSTEM CONTROL NUMBER | |
| System control number | (OCoLC)ocn642352152 |
| 040 ## - CATALOGING SOURCE | |
| Original cataloging agency | DLC |
| Transcribing agency | DLC |
| Modifying agency | YDX |
| -- | YDXCP |
| -- | BWX |
| -- | CDX |
| -- | DLC |
| 082 00 - DEWEY DECIMAL CLASSIFICATION NUMBER | |
| Classification number | 324.2091724 |
| Edition number | 22 |
| Item number | YAD |
| 100 1# - MAIN ENTRY--PERSONAL NAME | |
| Personal name | Yadav, Vineeta. |
| 9 (RLIN) | 28844 |
| 245 10 - TITLE STATEMENT | |
| Title | Political Parties, Business Groups, and Corruption in Developing Countries / |
| Statement of responsibility, etc | Vineeta Yadav. |
| 260 ## - PUBLICATION, DISTRIBUTION, ETC. (IMPRINT) | |
| Place of publication, distribution, etc | New York : |
| Name of publisher, distributor, etc | Oxford University Press, |
| Date of publication, distribution, etc | c2011. |
| 300 ## - PHYSICAL DESCRIPTION | |
| Extent | xii, 264 p. : |
| Other physical details | ill., maps ; |
| Dimensions | 24 cm. |
| 504 ## - BIBLIOGRAPHY, ETC. NOTE | |
| Bibliography, etc | Includes bibliographical references and index. |
| 650 #0 - SUBJECT ADDED ENTRY--TOPICAL TERM | |
| Topical term or geographic name as entry element | Political corruption |
| Geographic subdivision | Developing countries. |
| 9 (RLIN) | 28845 |
| 650 #0 - SUBJECT ADDED ENTRY--TOPICAL TERM | |
| Topical term or geographic name as entry element | Political parties |
| Geographic subdivision | Developing countries. |
| 9 (RLIN) | 28846 |
| 650 #0 - SUBJECT ADDED ENTRY--TOPICAL TERM | |
| Topical term or geographic name as entry element | Business and politics |
| Geographic subdivision | Developing countries. |
| 9 (RLIN) | 28847 |
| 653 ## - INDEX TERM--UNCONTROLLED | |
| Resource For college | |
| Arrived date list | February2012 |
| 942 ## - ADDED ENTRY ELEMENTS (KOHA) | |
| Source of classification or shelving scheme | Dewey Decimal Classification |
| Item type | Book - Borrowing |
| Withdrawn status | Item status | Source of classification or shelving scheme | Damaged status | Not for loan | Vendor | Home library | Current library | Shelving location | Date acquired | Source of acquisition | Cost, normal purchase price | Serial Enumeration / chronology | Total Checkouts | Total Renewals | Full call number | Barcode | Date last seen | Date last borrowed | Koha item type |
|---|---|---|---|---|---|---|---|---|---|---|---|---|---|---|---|---|---|---|---|
| Dewey Decimal Classification | MERIC | Central Library | Central Library | First floor | 13/02/2012 | 228.00 | 13168 | 6 | 6 | 324.2091724 YAD | 000026092 | 15/07/2025 | 10/04/2018 | Book - Borrowing |